| 000 | 00595nam a22001937a 4500 | ||
|---|---|---|---|
| 003 | UPN | ||
| 005 | 20250408134421.0 | ||
| 008 | 250408s2007 mx|bceofrb||| 00| 0 spa d | ||
| 020 | _a9709969056 | ||
| 040 |
_aMX-MxUPN _bspa _cMX-MxUPN |
||
| 050 |
_aF1232 A44 _b2007 |
||
| 100 | 1 |
_aAlessio Robles, Vito, _d1879-1957 _928521 |
|
| 245 | _aLa insurgencia en las Provincias Internas | ||
| 260 |
_aMéxico : _bSeminario de Cultura Mexicana, _c2007 |
||
| 300 | _a135 páginas | ||
| 650 | 4 |
_aHistoriografía _9920 _ySiglo XIX _zMéxico |
|
| 902 | _aMaiella Martínez / 08042025 | ||
| 942 |
_2lcc _cLIBRO _n0 |
||
| 999 |
_c213066 _d213066 |
||